000
00339 a2200157 4500
001
56381
020
_a
8531206391
040
_c
Anchieta - Pituba
100
_a
Aguiar, Jayson Viana
240
1
0
_a
A fábula de asas
_l
por
245
1
0
_a
A fábula de asas
300
_a
116
362
0
_a
1998
650
4
_a
Literatura juvenil
942
_c
BK
999
_c
56381
_d
56381